Alle Nederlandse treinstations op een kaart - Statistieken

Algemene statistieken
  • Deze quiz is 25 keer genomen
  • De gemiddelde score is 182 van 394
Antwoorden op de kaart
Antwoorden kleurgecodeerd door een groen-rode schaal op de quizkaart volgens % correct hieronder.
 
Antwoordstatistieken
Antwoord % Correct
Den Haag HS
100%
Breda
93%
Delft
93%
Den Haag Centraal
93%
Eindhoven Centraal
93%
Rotterdam Centraal
93%
Den Helder
86%
Dordrecht
86%
Gouda
86%
Groningen
86%
Leiden Centraal
86%
Middelburg
86%
Tilburg
86%
Utrecht Centraal
86%
Vlissingen
86%
Alkmaar
79%
Almelo
79%
Amsterdam Centraal
79%
Assen
79%
Den Haag Laan van NOI
79%
Enkhuizen
79%
Enschede
79%
Goes
79%
Haarlem
79%
Hoorn
79%
Leeuwarden
79%
Rotterdam Alexander
79%
Rotterdam Blaak
79%
Schiedam Centrum
79%
Zutphen
79%
Almere Centrum
71%
Amersfoort Centraal
71%
Arnhem Centraal
71%
Bergen op Zoom
71%
Beverwijk
71%
Delft Campus
71%
Den Helder Zuid
71%
Deventer
71%
Driebergen-Zeist
71%
Dronten
71%
Duiven
71%
Ede-Wageningen
71%
Emmen
71%
Heerenveen
71%
Heerlen
71%
Heiloo
71%
Hengelo
71%
Hilversum
71%
Hilversum Media Park
71%
Lelystad Centrum
71%
Maastricht
71%
Nijmegen
71%
Rijswijk
71%
Roosendaal
71%
Rotterdam Zuid
71%
Woerden
71%
Zaandam
71%
Zandvoort aan Zee
71%
Zoetermeer
71%
Zwolle
71%
Alkmaar Noord
64%
Almere Muziekwijk
64%
Almere Poort
64%
Alphen ad Rijn
64%
Amsterdam Amstel
64%
Amsterdam Bijlmer ArenA
64%
Amsterdam RAI
64%
Amsterdam Sloterdijk
64%
Amsterdam Zuid
64%
Anna Paulowna
64%
Apeldoorn
64%
Barendrecht
64%
Castricum
64%
Den Haag Mariahoeve
64%
Diemen
64%
Geldermalsen
64%
Gorinchem
64%
Harderwijk
64%
Harlingen
64%
Heemskerk
64%
Heerhugowaard
64%
Hillegom
64%
Hoogeveen
64%
Kampen
64%
Meppel
64%
Nunspeet
64%
Purmerend
64%
Schagen
64%
Schiphol Airport
64%
's-Hertogenbosch
64%
Sittard
64%
Soest
64%
Stavoren
64%
Steenwijk
64%
Valkenburg
64%
Veenendaal-De Klomp
64%
Voorschoten
64%
Winterswijk
64%
Wormerveer
64%
Zwijndrecht
64%
Almere Buiten
57%
Almere Oostvaarders
57%
Almere Parkwijk
57%
Amersfoort Schothorst
57%
Amersfoort Vathorst
57%
Amsterdam Holendrecht
57%
Amsterdam Lelylaan
57%
Amsterdam Muiderpoort
57%
Baarn
57%
Bilthoven
57%
Boxtel
57%
Coevorden
57%
Delfzijl
57%
Den Haag Moerwijk
57%
Diemen Zuid
57%
Dieren
57%
Dordrecht Zuid
57%
Eemshaven
57%
Harlingen Haven
57%
Heemstede-Aerdenhout
57%
Hilversum Sportpark
57%
Kampen Zuid
57%
Nijmegen Lent
57%
Obdam
57%
Roermond
57%
Rotterdam Noord
57%
Sassenheim
57%
Sneek
57%
Tiel
57%
Uitgeest
57%
Utrecht Zuilen
57%
Veendam
57%
Venlo
57%
Venray
57%
Weesp
57%
Akkrum
50%
Arnemuiden
50%
Barneveld Centrum
50%
Barneveld Noord
50%
Barneveld Zuid
50%
Best
50%
Bloemendaal
50%
Bovenkarspel Flora
50%
Breukelen
50%
De Vink
50%
Dordrecht Stadspolders
50%
Driehuis
50%
Duivendrecht
50%
Ede Centrum
50%
Eindhoven Strijp-S
50%
Etten-Leur
50%
Franeker
50%
Groningen Europapark
50%
Halfweg-Zwanenburg
50%
Hoofddorp
50%
Hoogkarspel
50%
Krommenie-Assendelft
50%
Lage Zwaluwe
50%
Leerdam
50%
Maastricht Randwyck
50%
Nieuw Amsterdam
50%
Nijkerk
50%
Oldenzaal
50%
Ommen
50%
Purmerend Overwhere
50%
Rhenen
50%
Rijssen
50%
Rilland-Bath
50%
Santpoort Noord
50%
Santpoort Zuid
50%
Sliedrecht
50%
Sneek Noord
50%
Soestdijk
50%
't Harde
50%
Tilburg Universiteit
50%
Utrecht Overvecht
50%
Vlissingen-Souburg
50%
Voorburg
50%
Vught
50%
Wierden
50%
Wolvega
50%
Zaandijk Zaanse Schans
50%
Zevenbergen
50%
Abcoude
43%
Amsterdam Science Park
43%
Appingedam
43%
Arnhem Velperpoort
43%
Arnhem Zuid
43%
Den Dolder
43%
Den Haag Ypenburg
43%
Deurne
43%
Doetinchem
43%
Dronryp
43%
Echt
43%
Elst
43%
Emmen Zuid
43%
Gilze-Rijen
43%
Groningen Noord
43%
Grou-Jirnsum
43%
Haarlem Spaarnwoude
43%
Hardinxveld-Giessendam
43%
Heerlen Woonboulevard
43%
Helmond
43%
Hengelo Oost
43%
Hindeloopen
43%
Holten
43%
Hoorn Kersenboogerd
43%
Houten
43%
Ijlst
43%
Kapelle-Biezelinge
43%
Kesteren
43%
Koog aan de Zaan
43%
Krabbendijke
43%
Maarssen
43%
Mariënberg
43%
Naarden-Bussum
43%
Nieuw Vennep
43%
Oisterwijk
43%
Oss
43%
Roodeschool
43%
Rotterdam Lombardijen
43%
Susteren
43%
Tegelen
43%
Utrecht Leidsche Rijn
43%
Veenendaal Centrum
43%
Vleuten
43%
Weert
43%
Winsum
43%
Workum
43%
Zaltbommel
43%
Zevenaar
43%
Zwolle Stadshagen
43%
Almelo de Riet
36%
Arkel
36%
Bad Nieuweschans
36%
Bedum
36%
Beesd
36%
Beilen
36%
Blerick
36%
Borne
36%
Breda Prinsenbeek
36%
Buitenpost
36%
Bunnik
36%
Bussum Zuid
36%
Culemborg
36%
Dalfsen
36%
Deventer Colmschate
36%
Eijsden
36%
Enschede Kennispark
36%
Ermelo
36%
Gouda Goverwelle
36%
Hardinxveld Blauwe Zoom
36%
Haren
36%
Helmond Brandevoort
36%
Helmond Brouwhuis
36%
Hoevelaken
36%
Hoogezand-Sappemeer
36%
Houten Castellum
36%
Hurdegaryp
36%
Kerkrade Centrum
36%
Koudum-Molkwerum
36%
Kruiningen-Yerseke
36%
Landgraaf
36%
Leeuwarden Camminghaburen
36%
Leiden Lammenschans
36%
Lunteren
36%
Maastricht Noord
36%
Nijmegen Goffert
36%
Nijverdal
36%
Olst
36%
Oss West
36%
Oudenbosch
36%
Overveen
36%
Purmerend Weidevenne
36%
Putten
36%
Ravenstein
36%
's-Hertogenbosch Oost
36%
Soest Zuid
36%
Tilburg-Reeshof
36%
Utrecht Lunetten
36%
Varsseveld
36%
Velp
36%
Voorhout
36%
Wezep
36%
Wijchen
36%
Wijhe
36%
Zaandam Kogerveld
36%
Zuidhorn
36%
Apeldoorn De Maten
29%
Bodegraven
29%
Boven Hardinxveld
29%
Bovenkarspel-Grootebroek
29%
Boxmeer
29%
Brummen
29%
Capelle Schollevaar
29%
Cuijk
29%
Didam
29%
Doetinchem de Huet
29%
Eygelshoven
29%
Eygelshoven Markt
29%
Geldrop
29%
Geleen-Lutterade
29%
Glanerbrug
29%
Hardenberg
29%
Heino
29%
Hengelo Gezondheidspark
29%
Hollandsche Rading
29%
Horst-Sevenum
29%
Lansingerland-Zoetermeer
29%
Loppersum
29%
Maarheeze
29%
Maarn
29%
Mantgum
29%
Meerssen
29%
Nieuwerkerk ad Ijssel
29%
Nijmegen Heyendaal
29%
Raalte
29%
Rheden
29%
Rosmalen
29%
Schin op Geul
29%
Sliedrecht Baanhoek
29%
Tiel Passewaaij
29%
Uithuizen
29%
Usquert
29%
Utrecht Terwijde
29%
Utrecht Vaartsche Rijn
29%
Veenendaal West
29%
Voerendaal
29%
Vriezenveen
29%
Waddinxveen
29%
Waddinxveen Noord
29%
Waddinxveen Triangel
29%
Warffum
29%
Winschoten
29%
Winterswijk West
29%
Zoetermeer Oost
29%
Aalten
21%
Apeldoorn Osseveld
21%
Arnhem Presikhaaf
21%
Baflo
21%
Boskoop
21%
Boskoop Snijdelwijk
21%
Bunde
21%
Chevremont
21%
Daarlerveen
21%
Dalen
21%
Deinum
21%
Delden
21%
Delfzijl West
21%
De Westereen
21%
Enschede de Eschmarke
21%
Feanwâlden
21%
Gaanderen
21%
Goor
21%
Gramsbergen
21%
Grijpskerk
21%
Heeze
21%
Houthem-Sint Gerlach
21%
Klarenbeek
21%
Lichtenvoorde-Groenlo
21%
Lochem
21%
Mook Molenhoek
21%
Nijmegen Dukenburg
21%
Oosterbeek
21%
Ruurlo
21%
Sauwerd
21%
Scheemda
21%
Stedum
21%
Swalmen
21%
Terborg
21%
Uithuizermeeden
21%
Vierlingsbeek
21%
Vorden
21%
Vroomshoop
21%
Westervoort
21%
Zetten-Andelst
21%
Zuidbroek
21%
Geleen Oost
14%
Helmond 't Hout
14%
Hemmen-Dodewaard
14%
Hoensbroek
14%
Klimmen-Ransdaal
14%
Kropswolde
14%
Martenshoek
14%
Nuth
14%
Opheusden
14%
Reuver
14%
Schinnen
14%
Spaubeek
14%
Twello
14%
Voorst-Empe
14%
Wehl
14%
Wolfheze
14%
Beek-Elsloo
7%
Geen overeenkomende quizzen gevonden
Scoreverdeling
Procent van Mensen met Elke Score
Percentiel versus Aantal Correcte Antwoorden
Uw Scoregeschiedenis
U heeft deze quiz nog niet genomen